| 000 | 01165nam a22002537a 4500 | ||
|---|---|---|---|
| 005 | 20170124102939.0 | ||
| 010 | _aA-929024 | ||
| 020 |
_c110.00 _a8173290636 |
||
| 035 | _aA-929024 | ||
| 037 | _bCen Lib/Ret | ||
| 040 |
_aDPL _bHN |
||
| 082 |
_a828 _bदुग्गल |
||
| 100 |
_aदुग्गल, कर्तार सिंह _96826 |
||
| 245 |
_aमैं क्यों लिखता हूँ एवं अन्य निबन्ध / _cकर्तार सिंह दुग्गल |
||
| 246 |
_aMain kyuon likhta hun ewam anye nibandh / _bby Kartar Singh Duggal |
||
| 260 |
_aदिल्ली _bशिलालेख _c1998 |
||
| 270 |
_bदिल्ली _a4/32, सुभाष गली, विश्वास नगर, शाहदरा _e110032 |
||
| 300 |
_a110पृ. _c21सेमी (सजिल्द) |
||
| 650 |
_aहिन्दी -- साहित्य _947691 |
||
| 650 |
_aहिन्दी -- काव्य _9779 |
||
| 650 |
_aHindi -- Literature _947692 |
||
| 650 |
_aHindi - Poem _947693 |
||
| 942 |
_2ddc _cHN _h828 _mदुग्गल |
||
| 999 |
_c112463 _d112463 |
||